<?xml version="1.0" encoding="UTF-8"?>
<marc:record xmlns:marc="http://www.loc.gov/MARC21/slim">
   <marc:leader>00000nam a2200000 a 4500</marc:leader>
   <marc:datafield ind1="1" ind2=" " tag="100">
      <marc:subfield code="a">Lenard, Alexander</marc:subfield>
      <marc:subfield code="4">aut</marc:subfield>
      <marc:subfield code="e">Verfasser/-in</marc:subfield>
   </marc:datafield>
   <marc:datafield ind1="1" ind2=" " tag="100">
      <marc:subfield code="a">Zeltner, Ernő</marc:subfield>
      <marc:subfield code="4">trl</marc:subfield>
      <marc:subfield code="e">Übersetzer/-in</marc:subfield>
   </marc:datafield>
   <marc:datafield ind1="0" ind2="0" tag="245">
      <marc:subfield code="a">Am Ende der Via Condotti</marc:subfield>
   </marc:datafield>
   <marc:datafield ind1="0" ind2="0" tag="245">
      <marc:subfield code="b">römische Geschichten</marc:subfield>
   </marc:datafield>
   <marc:datafield ind1="0" ind2="0" tag="245">
      <marc:subfield code="c">Sándor Lénárd ; aus dem Ungarischen übertragen und mit einer biografischen Notiz versehen von Ernő Zeltner ; mit einem Nachwort von György Dalos</marc:subfield>
   </marc:datafield>
   <marc:datafield ind1=" " ind2="1" tag="264">
      <marc:subfield code="a">München</marc:subfield>
      <marc:subfield code="b">dtv</marc:subfield>
      <marc:subfield code="c">2017</marc:subfield>
   </marc:datafield>
   <marc:datafield ind1=" " ind2=" " tag="250">
      <marc:subfield code="a">Deutsche Erstausgabe</marc:subfield>
   </marc:datafield>
   <marc:datafield ind1="1" ind2=" " tag="520">
      <marc:subfield code="a">Angaben aus der Verlagsmeldung

Am Ende der Via Condotti : Römische Jahre Római Történetek Lenard,Ende der Via Condotti / von Sándor Lénárd

Fluchtpunkt Rom – große Hoffnungen im kleinen Gepäck
Sándor Lénárd hat Medizin in Wien studiert, jetzt ist er als ambulanter Blutdruckmesser in den Altstadtgassen Roms unterwegs. 1938 musste er über Nacht vor den Nazis fl iehen – große Hoffnungen im kleinen Gepäck. Rasch gehört Lénárd zum Stammpublikum im Caffè Greco, wo sich Emigranten aus ganz Europa teffen. Mit jedem Tag wird die Frage des Überlebens drängender: die Suche nach einem Schlafplatz, die Jagd nach der nächsten Mahlzeit. Doch Lénárd ist findig ...

Mit dem Abstand des Außenseiters, dem sezierenden Blick des Mediziners und dem Esprit eines Schriftstellers beobachtet Sándor Lénárd, wie Italien in der Diktatur versinkt. Pointiert und klug erzählt er von seinem abenteuerlichen Alltag als Emigrant ohne Papiere und von der rauen Herzlichkeit des Viertels, in dem er Zufl ucht gefunden hat.
</marc:subfield>
   </marc:datafield>
   <marc:datafield ind1=" " ind2=" " tag="020">
      <marc:subfield code="a">9783423281126</marc:subfield>
      <marc:subfield code="9">9783423281126</marc:subfield>
   </marc:datafield>
   <marc:datafield ind1=" " ind2=" " tag="041">
      <marc:subfield code="a">ger</marc:subfield>
   </marc:datafield>
   <marc:datafield ind1=" " ind2=" " tag="300">
      <marc:subfield code="a">347 Seiten</marc:subfield>
   </marc:datafield>
</marc:record>
